000 00441nam a2200181Ia 4500
001 11145
005 20260306161924.0
008 260306t2005||||xx |||||||||||||| ||spa||
041 _aESP
082 _a985.0093
_bG22 T. 2
100 _aGarcilaso de la Vega, Julia
_eAUT
245 0 _aComentarios reales de los incas
260 _c2005
300 _a411 páginas :
_ccm.
650 _aGEN
654 _aCHU
942 _cLIB
_dJUS
_fJUS
_2ddc
_n
999 _c11145
_d11145